000
00274nam a22001217a 4500
008
180131b xxu||||| |||| 00| 0 eng d
041
_a
eng
080
_a
616.9
100
_a
616.9
101
_a
inf
245
_a
infectious diseases of swimi
_c
smith.h.c
942
_2
udc
_c
BK
999
_c
41322
_d
41322